000 00667nam a2200217 4500
003 OSt
005 20240629021914.0
006 a
008 240629b |||||||| |||| 00| 0 eng d
020 _a9782888930945
040 _aDWCL-Main lib.
_cOC
082 _2Second edition
_aCirc. 686.22544536 S592d 2010
100 _aSimmons, Jason
245 _aThe designer’s desktop manual /
250 _aSecond edition
260 _aSwitzerland:
_bRoto Vision SA,
_cc2010.
300 _b256 p. : ill (some col.) ;
_c24 cm.
504 _aIncludes index.
650 _a1. Desktop publishing-Handbooks, manuals, etc.
942 _2ddc
_n0
_cBK-CIRC
_eSecond edition
_kCirc.
999 _c1637
_d1637